| 000 | 00815nas a2200253 4500 | ||
|---|---|---|---|
| 001 | BR0402647 | ||
| 003 | BR-BrBNA | ||
| 005 | 20231205104544.0 | ||
| 007 | ta | ||
| 008 | 230509b bl.|||p| |||| 00| 00por d | ||
| 040 |
_aBR-BrBNA _bpor _cBiblioteca Nacional de Agricultura |
||
| 041 | _a(Pt) | ||
| 072 | _aF30; H10 | ||
| 100 | 1 | _aMonteiro, L.B. | |
| 245 | 1 | _aInseticidas utilizados para o controle de mosca-das-frutas em pomares de macieira: ação sobre Neoseiulus californicus (Acari: Phytoseiidae) | |
| 650 | _aMAÇÃ | ||
| 650 | _aMOSCA DAS FRUTAS | ||
| 650 | _aRESISTÊNCIA A PESTICIDA | ||
| 650 | _aÁCARO | ||
| 650 | _aINSETICIDA | ||
| 773 | 0 |
_tScientia Agraria (Brazil) _xISSN 1519-1125 _g(2001), v. 2(1-2) p. 93-97 _wBR0402647 |
|
| 909 |
_a202311 _bLúcia _c55 _dLúcia Elande |
||
| 942 |
_2AGRIS _n0 _cANA |
||
| 999 |
_c178699 _d178699 |
||